000 00690nam a2200229 4500
001 16442
010 _a9789895702350
021 _b27738/24
090 _a16442
100 _a20241217d2024 m y0pory50030103ba
200 1 _aO escritório
_fFreida McFadden
_gtrad. Carla Ribeiro
205 _a1ª ed.
210 9 _a[S.l.]
_cAlma dos Livros,
_d2024
215 _a335 p.
_d24 cm
304 _aTít. orig.: The coworker
606 _9187
_aThrillers
675 _a821.111(73)-312.4"20"
_vBN
_zpor
700 1 _aMcFadden,
_bFreida
702 1 _aRibeiro,
_bCarla
801 0 _aPT
_bBN
_gRPC
856 4 1 _uhttp://rnod.bnportugal.gov.pt/ImagesBN/winlibimg.aspx?skey=&doc=2200166&img=202316&save=true
990 _cLIVROS